[Event "Crailsheim op 1st"]
[Site "Crailsheim"]
[Date "1995.??.??"]
[Round "?"]
[White "Gruener, Peter"]
[Black "Oblitas Guerrero, Carlomagno"]
[Result "0-1"]
[WhiteElo "1730"]
[BlackElo "2440"]
[PlyCount "42"]
[EventDate "1995.??.??"]
[EventType "swiss"]
[EventRounds "7"]
[EventCountry "GER"]
[SourceTitle "EXT 1999"]
[Source "ChessBase"]
[SourceDate "1998.11.16"]
[SourceVersion "1"]
[SourceVersionDate "1998.11.16"]
[SourceQuality "1"]

1. e4 c5 2. Nf3 Nc6 3. d4 cxd4 4. Nxd4 g6 5. c3 Bg7 6. Be3 Nf6 7. f3 0-0 8. Qd2 d5 9. Nxc6 bxc6 10. e5 Nd7 11. f4 f6 12. exf6 Nxf6 13. Bd3 e5 14. 0-0 e4 15. Be2 Bg4 16. h3 Bxe2 17. Qxe2 Nh5 18. Qe1 Qd6 19. Qf2 d4 20. cxd4 Nxf4 21. Kh1 Nd5 0-1